• 首页
  • 本馆介绍
  • 公告通知
  • 最新文献
  • 馆藏检索
  • 电子资源
  • 读者导购
  • 参考咨询
  • 我的图书馆
  • 登录
  • 详细信息显示
  • 放入我的书架
  • 预约/预借图书
  • 作者相关作品
  • 分类相关作品
  • 丛书相关作品
  • 出版社相关作品

书目信息

  • 表格格式
  • 工作单格式
  • 卡片格式
题名:
冬心先生隶书
    
 
作者: 金农 书
分册:  
出版信息: 上海   上海古籍书店  1983
页数: 不计页数
开本: 22cm
丛书名:
单 册:
中图分类: J292.26
科图分类:
主题词: 隶书-法书--中国--清代 , 法书-隶书--中国--清代
电子资源:
ISBN:
000 00607nam0 2200229 45
001 0183003699
005 20060803090803.84
010    @dCNY0.45
100    @a19950428d1983 em y0chiy0121 ea
101 0  @achi
102    @aCN@b310000
105    @ay z 000yy
200 10 @a冬心先生隶书@Adong xin xian sheng li shu@f(清)金农书
210    @a上海@c上海古籍书店@d1983
215    @a不计页数@d22cm
606    @a隶书-法书@y中国@z清代
606    @a法书-隶书@y中国@z清代
690    @aJ292.26@v3
701  0 @a金农@Ajin nong@4书
801  2 @aCN@bNLC@c20060803
801  0 @aCN@bTSSF
905    @a10447@dJ292.26@e348
    
    冬心先生隶书/(清)金农书.-上海:上海古籍书店,1983
    不计页数;22cm
    
    
    ISBN :CNY0.45
    
●
相关链接 在E读中查询图书 在五车中查询图书 在当当中查询图书 在豆瓣中查询图书


正题名:冬心先生隶书     索取号:J292.26/348         预约/预借

序号 登录号 条形码 馆藏地/架位号 状态 备注
1 0444367   204443673   密集书库/ [索取号:J292.26/348] 在馆    
唐山师范学院图书馆 欢迎您!
大连网信软件有限公司© 版权所有